2805-神戸電鉄の駅 - Statistics

General Stats
  • This quiz has been taken 360 times
  • The average score is 38 of 51
Answer Stats
本線 % Correct
有馬温泉
98%
三田
98%
鈴蘭台
96%
鈴蘭台
96%
湊川
95%
有馬口
95%
有馬口
95%
ウッディタウン中央
95%
新開地
95%
湊川
95%
粟生
94%
谷上
91%
鵯越
89%
長田
87%
鈴蘭台西口
87%
西鈴蘭台
87%
北鈴蘭台
85%
神鉄道場
85%
三木
85%
横山
82%
横山
82%
神鉄六甲
80%
フラワータウン
80%
山の街
79%
南ウッディタウン
79%
三田本町
78%
小野
77%
岡場
74%
道場南口
72%
丸山
70%
志染
70%
二郎
68%
三木上の丸
68%
箕谷
65%
花山
65%
唐櫃台
64%
押部谷
63%
広野ゴルフ場前
62%
藍那
59%
大池
58%
五社
57%
木津
57%
木幡
55%
55%
葉多
55%
田尾寺
53%
市場
50%
緑が丘
48%
恵比須
47%
樫山
46%
大村
43%
No matching quizzes found
Score Distribution
Percent of People with Each Score
Percentile by Number Answered
Your Score History
You have not taken this quiz